00393nam a2200133 a 4500008004100000050001500041100001700056245005000073246006200123260002900185350000900214650002300223650001300246120416s1973 ||||||||||||||||| || u aHD 110 Fut aCowan, Peter14aThe future of planningcedited by Peter Cowan aa study sponsored by the Centre for Environmental Studies aLondonbHeienemannc1973 a0.00 aLAND USE--PLANNING aPLANNING